The archaeology of Syria : from complex hunter-gatherers to early urban societies (c. 16,000-300 BC) /
المؤلف الرئيسي:
مؤلفون آخرون:
التنسيق: كتاب
اللغة: English
منشور في:
Cambridge, U.K. ; New York :
Cambridge University Press,
2003.
سلاسل:
Cambridge world archaeology.
الموضوعات:
الوسوم: إضافة وسم
رقم الطلب: DS94.5 .A45 2003
| LEADER | 01580cam a22003254a 4500 | ||
|---|---|---|---|
| 001 | ocn702181268 | ||
| 003 | OSt | ||
| 005 | 20241020121733.0 | ||
| 008 | 020801s2003 enkab b 001 0 eng | ||
| 999 | |c 55531 |d 55531 | ||
| 010 | |a 2002031240 | ||
| 020 | |a 0521792304 |q (hb.) | ||
| 020 | |a 9780521792301 |q (hb.) | ||
| 020 | |a 0521796660 |q (pb.) | ||
| 020 | |a 9780521796668 |q (pb.) | ||
| 043 | |a a-sy--- | ||
| 050 | 4 | |a DS94.5 .A45 2003 | |
| 100 | 1 | |a Akkermans, Peter M. M. G. | |
| 245 | 1 | 4 | |a The archaeology of Syria : |b from complex hunter-gatherers to early urban societies (c. 16,000-300 BC) / |c Peter M.M.G. Akkermans, Glenn M. Schwartz. |
| 264 | 1 | |a Cambridge, U.K. ; |a New York : |b Cambridge University Press, |c 2003. | |
| 300 | |a xviii, 467 pages : |b illustrations, maps ; |c 26 cm. | ||
| 490 | 1 | |a Cambridge world archaeology. | |
| 504 | |a Includes bibliographical references (p. [403]-457) and index. | ||
| 505 | 0 | |a 1. Introduction 2. Hunter-gatherers at the end of the Ice Age 3. A changing perspective: neolithic beginnings 4. The exploration of new horizons 5. Continuity and change in the late sixth and fifth millenium BC 6. The fourth millenium BC and the Uruk intrusion 7. Regionalization and local trajectories 8. The 'second urban revolution' and its aftermath 9. The regeneration of complex societies 10. Empires and internationalism 11. Iron age Syria 12. Conclusions. | |
| 650 | 0 | |a Excavations (Archaeology) |z Syria. | |
| 651 | 0 | |a Syria |x Antiquities. | |
| 700 | 1 | |a Schwartz, Glenn M. | |
| 830 | 0 | |a Cambridge world archaeology. | |
| 901 | |a reviewed | ||
| 942 | |2 lcc |c BK | ||
